Entry Nombre geográfico
001 - NÚMERO DE CONTROL
- campo de control: 235970
003 - IDENTIFICADOR DE NÚMERO DE CONTROL
- campo de control: SpMaBN
005 - FECHA Y HORA DE LA ÚLTIMA TRANSACCIÓN
- campo de control: 20240424134118.0
008 - ELEMENTOS DE DATO DE LONGITUD-FIJA
- campo de control de longitud fija: 921203 n anznnbabn |a ana
010 ## - NÚMERO DE CONTROL DE LA BIBLIOTECA DEL CONGRESO
- Número de control de LC: XX452497
016 ## - NÚMERO DE CONTROL DE UNA AGENCIA BIBLIOGRÁFICA NACIONAL
- Número de control del registro: BNE19926007384
024 7# - IDENTIFICADOR DE OTROS ESTÁNDARES
- Número estándar o código: http://id.loc.gov/authorities/names/n80031204
- Fuente: lcnaf
024 7# - IDENTIFICADOR DE OTROS ESTÁNDARES
- Número estándar o código: https://catalogue.bnf.fr/ark:/12148/cb15167311f
- Fuente: bnf
024 7# - IDENTIFICADOR DE OTROS ESTÁNDARES
- Número estándar o código: http://viaf.org/viaf/8146285386415370633
- Fuente: viaf
034 ## - DATOS MATEMÁTICOS CARTOGRÁFICOS CODIFICADOS
- Coordenadas - longitud más occidental: W0035614
- Coordenadas - longitud más oriental: W0035614
- Coordenadas - latitud más septentrional: N0351505
- Coordenadas - latitud más meridional: N0351505
- Fuente: geonames
040 ## - FUENTE DE CATALOGACIÓN
- Centro catalogador/agencia de origen: SpMaBN
- Lengua de catalogación: spa
- Centro/agencia transcriptor: SpMaBN
- Normas de descripción: rdc
- Convención/Normas de encabezamiento de materia/tesauro: embne
042 ## - CÓDIGO DE AUTENTICACIÓN
- Código de autenticación: 200507189254PCMPBC BNEP 00
080 ## - NÚMERO DE LA CLASIFICACIÓN DECIMAL UNIVERSAL
- Número de la Clasificación Decimal Universal: (642.22)
- Identificador de la edición: mrf12
151 ## - ENCABEZAMIENTO--NOMBRE GEOGRÁFICO
- Nombre geográfico: Alhucemas (Marruecos)
451 ## - TRAZADO DE VÉASE--NOMBRE GEOGRÁFICO
- Nombre geográfico: Al-Hoceima (Marruecos)
451 ## - TRAZADO DE VÉASE--NOMBRE GEOGRÁFICO
- Nombre geográfico: Al-Hoseima (Marruecos)
451 ## - TRAZADO DE VÉASE--NOMBRE GEOGRÁFICO
- Nombre geográfico: Alhoceima (Marruecos)
451 ## - TRAZADO DE VÉASE--NOMBRE GEOGRÁFICO
- Nombre geográfico: Alhuceimas (Marruecos)
451 ## - TRAZADO DE VÉASE--NOMBRE GEOGRÁFICO
- Nombre geográfico: Hoceima (Marruecos)
451 ## - TRAZADO DE VÉASE--NOMBRE GEOGRÁFICO
- Nombre geográfico: Villa Sanjurjo (Marruecos)
451 ## - TRAZADO DE VÉASE--NOMBRE GEOGRÁFICO
- Nombre geográfico: Villa Alhucemas (Marruecos)
551 ## - TRAZADO DE VÉASE ADEMÁS--NOMBRE GEOGRÁFICO
- Subcampo de control: g
- Nombre geográfico: Alhucemas (Marruecos, Provincia)
670 ## - FUENTE DE DATOS ENCONTRADOS
- Cita de la fuente: Gran Atlas Aguilar, 1969;
- Información encontrada: (Alhucemas=Hoseima, Al-)
670 ## - FUENTE DE DATOS ENCONTRADOS
- Cita de la fuente: LCSH;
- Información encontrada: [Hoceïma (Morocco)]
670 ## - FUENTE DE DATOS ENCONTRADOS
- Cita de la fuente: BnF;
- Información encontrada: [Alhucemas (Al-Hoceima, Maroc)]
670 ## - FUENTE DE DATOS ENCONTRADOS
- Cita de la fuente: GeoNames;
- Información encontrada: (Al-Hoceima, Morocco, Tanger-Tetouan-Al Hoceima, Al-Hoceima)
670 ## - FUENTE DE DATOS ENCONTRADOS
- Cita de la fuente: WWW Bn España aut., 24-4-2024;
- Información encontrada: [Alhucemas (Marruecos)]
781 ## - ENTRADA DE ENLACE DE SUBDIVISIÓN--SUBDIVISIÓN GEOGRÁFICA
- Subdivisión geográfica: Marruecos
- Subdivisión geográfica: Tánger-Tetuán-Alhucemas (Región)
- Subdivisión geográfica: Alhucemas (Provincia)
- Subdivisión geográfica: Alhucemas
856 ## - LOCALIZACIÓN Y ACCESO ELECTRÓNICOS
- Identificador Uniforme de Recursos: https://maps.google.es/maps?q=W003+56'14''N035+15'05''
954 ## - CATALOGADOR -ALTA REGISTRO
- Nombre del catalogador: Inmaculada Vicente Garcia
